000 00742cam a22002413a 4500
001 1697
003 PGUSA
005 20140828083005.0
008 990401s1999||||xxu|||||s|||||000 | eng d
040 _aPGUSA
_beng
042 _adc
050 4 _aQE
100 1 _aKingsley, Charles,
_d1819-1875
245 1 0 _aMadam How and Lady Why; Or, First Lessons in Earth Lore for Children
_h[electronic resource] /
_cCharles Kingsley
260 _bProject Gutenberg,
_c1999
506 _aPublic domain in the USA.
516 _aElectronic text
653 _aGeology -- Juvenile literature
653 _aNatural history -- Juvenile literature
830 0 _aProject Gutenberg
_v1697
856 4 0 _uhttp://www.gutenberg.org/ebooks/1697
942 _cEB
999 _c231043
_d231043